000 00582nam a2200193Ia 4500
003 GCL
008 140319s9999 xx 000 0 ara d
040 _aGCL /
_cGCL
082 0 4 _a180
_bم م
100 1 _aمجاهد عبدالمنعم مجاهد
245 1 0 _aمن القلق حتى الامل /
_cمجاهد عبدالمنعم مجاهد
300 _a110
490 _aالسلسلة الثقافية
_v0
650 0 4 _aالفلسفة
650 0 4 _aنظريات
650 0 4 _aالفلسفة الحديثة
650 0 4 _aالفلسفة اليونانية
942 _2ddc
_cBK
999 _c43685
_d43685